Composite reserve assets in the international monetary system (Record no. 38173)

MARC details
000 -LEADER
fixed length control field 00478nam a2200121 a 4500
008 - FIXED-LENGTH DATA ELEMENTS--GENERAL INFORMATION
fixed length control field 120416s1977 ||||||||||||||||| || u
050 ## - LIBRARY OF CONGRESS CALL NUMBER
Classification number HG 3898 Dre
100 ## - MAIN ENTRY--PERSONAL NAME
Personal name Dreyer, Jacob S
245 10 - TITLE STATEMENT
Title Composite reserve assets in the international monetary system
260 ## - PUBLICATION, DISTRIBUTION, ETC.
Place of publication, distribution, etc. Greenwich, Conn.
Name of publisher, distributor, etc. JAI Press
Date of publication, distribution, etc. 1977
350 ## - PRICE (NR) (BK AM CF MU VM SE) [OBSOLETE]
Price 0.00
995 ## - RECOMMENDATION 995 [LOCAL, UNIMARC FRANCE]
-- 0.00
-- CBU-MAIN LIBRARY (Kitwe)
-- 1
-- 4.00
-- 1
-- AVAILABLE
-- Annex Low-Usage Collection
Holdings
Withdrawn status Lost status Source of classification or shelving scheme Damaged status Not for loan Home library Current library Shelving location Date acquired Total Checkouts Full call number Barcode Date last seen Price effective from Koha item type
          CBU-MAIN LIBRARY, KITWE. CBU-MAIN LIBRARY, KITWE.   11/30/2022   HG 3898 Dre 008006 11/30/2022 11/30/2022 MONOGRAPH